Comercio exterior, importación, notas y disposiciones vigentes sobre importación de mercancias / (Registro nro. 39411)

Detalles MARC
000 -LEADER
campo de control de longitud fija 00573nam a2200157 i 4500
001 - NÚMERO DE CONTROL
campo de control 39411
003 - IDENTIFICADOR DE NÚMERO DE CONTROL
campo de control ES-MaACL
007 - CAMPO FIJO DE DESCRIPCIÓN FÍSICA--INFORMACIÓN GENERAL
campo de control de longitud fija t|
008 - DATOS DE LONGITUD FIJA--INFORMACIÓN GENERAL
campo de control de longitud fija 030303s1961 sp ||||1| spa d
110 2# - ENTRADA PRINCIPAL--NOMBRE DE ENTIDAD CORPORATIVA
Nombre de entidad corporativa o nombre de jurisdicción como elemento de entrada Camara Oficial de Comercio e Industria de Zaragoza
9 (RLIN) 2388
245 10 - MENCIÓN DEL TÍTULO
Título Comercio exterior, importación, notas y disposiciones vigentes sobre importación de mercancias /
Mención de responsabilidad, etc. Cámara Oficial del Comercio y de la Industria de Zaragoza.
260 ## - PUBLICACIÓN, DISTRIBUCIÓN, ETC.
Lugar de publicación, distribución, etc. [Zaragoza :
Nombre del editor, distribuidor, etc. El Noticiero],
Fecha de publicación, distribución, etc. 1961.
300 ## - DESCRIPCIÓN FÍSICA
Extensión 142 p. ;
Dimensiones 22 cm.
852 ## - LOCALIZACIÓN
Ubicación ES-MaACL
Número de control de estantería E-2403
Sublocalización o colección R.47903
Existencias
Estatus retirado Estado de pérdida Estado de daño No para préstamo Biblioteca de origen Biblioteca actual Ubicación en estantería Fecha de adquisición Fuente de adquisición Total de préstamos Signatura topográfica completa Código de barras Visto por última vez Precio de reemplazo Tipo de ítem Koha
        Biblioteca del Ateneo de Madrid Biblioteca del Ateneo de Madrid Depósito 2 17/01/2008     E-2403 1041507 23/02/2023 23/02/2023 Libro impreso